Foreign investment guidelines : Malaysia.
| Corporate Author: | |
|---|---|
| Format: | Book |
| Published: |
New York:
ESCAP,
1995.
|
| Subjects: |
| LEADER | 00509cam a2200169 7i4500 | ||
|---|---|---|---|
| 001 | 0000004236 | ||
| 005 | 19991025090000.0 | ||
| 002 | ##000005705 | ||
| 020 | 0 | 0 | |a T000004800 |
| 090 | 0 | 0 | |a M 332.6 |b ECO |
| 110 | 1 | 0 | |a Economic and Social Commission for Asia and The Pacific (ESCAP) |
| 245 | 1 | 0 | |a Foreign investment guidelines : |b Malaysia. |
| 260 | 0 | 0 | |a New York: |b ESCAP, |c 1995. |
| 300 | 0 | 0 | |a 28 p.. |
| 650 | 0 | 0 | |a Investments -- |z Malaysia |
| 651 | 0 | 0 | |a Malaysia |
| 999 | |a 0000006818 |b Book |c Open shelf |e Business Information Centre | ||